Llei 1/2003, de 19 de febrer, d'universitats de Catalunya / presentació i edició a cura de la lletrada Esther Andreu i Fornós
Descripción Física:
113 p. ; 21 cm
Colección:
Textos legislatius ; 43
Otros Autores:
Andreu i Fornós, Esther
MARC
| LEADER | 00000nam a2200000Ia 4500 | ||
|---|---|---|---|
| 001 | 18313 | ||
| 008 | 160829s2006 xx 000 0 cat d | ||
| 080 | |a D-3-122 | ||
| 100 | |a Catalunya. Llei d'universitats de Catalunya (2003) |9 37828 | ||
| 245 | |a Llei 1/2003, de 19 de febrer, d'universitats de Catalunya / presentació i edició a cura de la lletrada Esther Andreu i Fornós | ||
| 250 | |a Ed. no venal | ||
| 260 | |a Barcelona : |b Parlament de Catalunya, |c 2006 | ||
| 300 | |a 113 p. ; |c 21 cm | ||
| 490 | |a Textos legislatius ; 43 | ||
| 650 | |a Universitats |x Dret i legislació |x Catalunya |9 37829 | ||
| 700 | 1 | |a Andreu i Fornós, Esther |9 37827 | |
| 710 | 1 | |a Catalunya. |b Parlament |9 11492 | |
| 901 | |a Arxiu | ||
| 942 | |n 1 | ||
| 952 | |0 1 |1 0 |2 udc |4 0 |5 2 |6 D3122 |7 1 |9 48105 |a Arxiu |b Arxiu |d 2016-12-01 |l 0 |o D-3-122 |p 18313 |r 2016-12-01 00:00:00 |w 2016-12-01 |y ARXIU | ||
| 999 | |c 51908 |d 51908 | ||